000 00348nam a22001217a 4500
040 _cSK
082 _a628
100 _aប៉ុក ប៊ុនណាត
245 _awater supply and sanitation; ការផ្គត់ផ្គង់​​ និងអនម័យទឹក
260 _aRUA
_bប៉ុក
_c2013
300 _a28p.
942 _cEK
999 _c8899
_d8899